| 000 | 00775nam a22002417a 4500 | ||
|---|---|---|---|
| 005 | 20240530110952.0 | ||
| 008 | 221204s2006 au a f b 000 0 eng d | ||
| 017 | _a2005/4960 | ||
| 020 | _a9770395848 | ||
| 040 |
_aEG-CaGPL _cEG-CaGPL |
||
| 082 | 0 | 4 |
_221 _a621.317 _bا ق |
| 100 | 0 | _aاسر على زكى | |
| 245 | 1 | 0 |
_aالقواطع والمصهرات فى شبكات التوزيع / _cتاليف اسر على زكى |
| 250 | _aط.1 | ||
| 260 |
_aالاسكندرية : _bمنشأة المعارف ، _c2005 |
||
| 300 |
_a199 ص. ؛ _c24 سم. |
||
| 650 | 0 | 7 |
_2qrmak _aالتصنيع |
| 650 | 0 | 7 | _aالدوائر الالكترونية |
| 651 | _2qrmak | ||
| 700 | _aاسر على زكى | ||
| 942 |
_2ddc _cBK |
||
| 999 |
_c67012 _d67012 |
||